ARRUPE JESUIT UNIVERSITY

CORONAVIRUS -STOP THE SPREAD - CLEAN,DISINFECT,COVER

The nature of personality, (Record no. 120905)

MARC details
000 -LEADER
fixed length control field 00990cam a22002411 4500
001 - CONTROL NUMBER
control field 10101822
003 - CONTROL NUMBER IDENTIFIER
control field ARRUPE
005 - DATE AND TIME OF LATEST TRANSACTION
control field 20140923115512.0
008 - FIXED-LENGTH DATA ELEMENTS--GENERAL INFORMATION
fixed length control field 800314s1911 enk 000 0 eng
010 ## - LIBRARY OF CONGRESS CONTROL NUMBER
LC control number 11029832
035 ## - SYSTEM CONTROL NUMBER
System control number (OCoLC)6080456
040 ## - CATALOGING SOURCE
Original cataloging agency DLC
Transcribing agency OCl
Modifying agency OCoLC
-- DLC
042 ## - AUTHENTICATION CODE
Authentication code premarc
050 00 - LIBRARY OF CONGRESS CALL NUMBER
Classification number BD331
Item number .T4
300 ## - PHYSICAL DESCRIPTION
Dimensions 19 cm.
100 1# - MAIN ENTRY--PERSONAL NAME
Personal name Temple, William,
Dates associated with a name 1881-1944.
9 (RLIN) 11479
245 14 - TITLE STATEMENT
Title The nature of personality,
Remainder of title a course of lectures,
Statement of responsibility, etc by William Temple.
260 ## - PUBLICATION, DISTRIBUTION, ETC. (IMPRINT)
Place of publication, distribution, etc London,
Name of publisher, distributor, etc Macmillan and co., limited,
Date of publication, distribution, etc 1911.
300 ## - PHYSICAL DESCRIPTION
Extent xxxii, 120 p.
500 ## - GENERAL NOTE
General note "Lectures ... delivered in Oxford in the Lent term of 1910 ... The introductory lecture [Materialism and agnosticism] was not part of the course; it was delivered in the universities of Sydney and Melbourne in August, 1910, under the auspices of the Australian student Christian union."
650 #0 - SUBJECT ADDED ENTRY--TOPICAL TERM
Topical term or geographic name as entry element Personality.
9 (RLIN) 11480
906 ## - LOCAL DATA ELEMENT F, LDF (RLIN)
a 7
b cbc
c oclcrpl
d u
e ncip
f 19
g y-gencatlg
942 ## - ADDED ENTRY ELEMENTS (KOHA)
Source of classification or shelving scheme Library of Congress Classification
Koha item type Monograph ( Printed materials)
Holdings
Withdrawn status Lost status Source of classification or shelving scheme Damaged status Not for loan Collection code Home library Current library Shelving location Date acquired Total Checkouts Full call number Barcode Date last seen Price effective from Koha item type
    Library of Congress Classification     Main Collection ARRUPE LIBRARY ARRUPE LIBRARY Main Collection 23/09/2014   BD331 .T4 46500000443 02/09/2016 23/09/2014 Monograph ( Printed materials)

 

Arrupe Library. PO Box MP320 Mt Pleasant, Harare, Zimbabwe
263 242 745411|librarian@aju.ac.zw